Αφρική και ανάπτυξη : η τελευταία παγκόσμια πρόκληση/ευκαιρία

Saved in:
Bibliographic Details
Other Authors: Τσάλτας, Γρηγόρης Ι., 1950- (Editor)
Format: Book
Language:Greek
Published: Αθήνα : Σιδέρης, Ι., 2003
Subjects:
Tags: Add Tag
No Tags, Be the first to tag this record!

MARC

LEADER 00000cam a2200000 i 4500
001 1/74986
008 050411s2003 gr | ||| |||| ||gre||
020 |a 9600802858 
035 |l 10077576 
040 |a GR-MY-UA  |b gre  |e aacr 
041 0 |a gre 
082 0 |a 338.96  |2 (21) 
245 1 0 |a Αφρική και ανάπτυξη :  |b η τελευταία παγκόσμια πρόκληση/ευκαιρία /  |c επιμέλεια - παρουσίαση Γρηγόρης Ι. Τσάλτας ; με την συμμετοχή των Παναγιώτη Γρηγορίου ... [και ά.] 
260 |a Αθήνα :   |b Σιδέρης, Ι.,   |c 2003 
300 |a 541 σ.;  |b εικ.;  |c 24 εκ. 
500 |a Πρόσθετη σελίδα τίτλου στα αγγλικά και γαλλικά 
650 0 0 |a Sustainable development  |z Africa. 
651 0 |a Africa  |x Economic policy. 
651 0 |a Africa  |x Politics and government. 
651 0 |a Africa  |x Social conditions. 
700 1 |a Τσάλτας, Γρηγόρης Ι.,   |d 1950-  |4 edt 
852 |a INST  |b LESVOS  |e 20070620  |h 338.96 ΑΦΡ  |p 005100038047  |q 005100038047  |t BK  |y 0 
852 |a INST  |b RHODES  |e 20050411  |h 338.96 ΑΦΡ  |p 005400023587  |q 005400023587  |t BK  |y 0 
852 |a INST  |b RHODES  |e 20120907  |h 338.96 ΑΦΡ  |p 005400034507  |q 005400034507  |t BK  |y 0 
901 |a BIBL4-2005-1 
901 |a BIBL1-2007-2 
901 |a BIBL4-2012-3 
909 |a Ρ  |b 110581 
909 |a Ρ  |b 171141 
909 |a Λ  |b 135271 
922 |a 1ΕΛΗ  |b 200705  |c ΕΠΕΑΕΚ2/ΤΚ  |d Σ. ΠΑΤΑΚΗΣ 
970 |a ΚΟΖΑ  |b ΜΑΡΙΑ  |z 2005/04/11